| 000 | 00583nam a2200169Ia 4500 | ||
|---|---|---|---|
| 008 | 230925s9999||||xx |||||||||||||| ||und|| | ||
| 082 | _a621.11 IQB | ||
| 100 |
_aIqbal, Wasif (329071) _9118265 |
||
| 245 | 0 | _aTechno-Economic and Emission Analysis of Solar Assisted Desiccant Dehumidification System: Experimental and Numerical Approach / | |
| 260 |
_bUSPCAS-E, NUST,Islamabad : _c2023 |
||
| 300 | _ax, 64 p. | ||
| 520 |
_b
TH-485
_aTH-485 |
||
| 650 |
_vMS Thesis _918721 |
||
| 650 |
_vMS-TEE Thesis _9116575 |
||
| 700 | _aDr. Mariam Mahmood | ||
| 942 |
_cTHE _2ddc |
||
| 999 |
_c603232 _d603232 |
||